| 000 | 00581nam a2200205 a 4500 | ||
|---|---|---|---|
| 999 |
_c7549 _d7549 |
||
| 001 | 7549 | ||
| 003 | BD-JhCC | ||
| 005 | 20180219104038.0 | ||
| 008 | 180211s1964 uk |||| |||| 000 0 eng d | ||
| 035 | _a(BD-JhCC) | ||
| 040 |
_aBD-JhCC _dBD-JhCC |
||
| 041 | _aeng | ||
| 082 |
_a320.9591 _bPYE 1964 |
||
| 100 | _aPye, Lucian W. | ||
| 245 |
_aPolitics, Personality, and Nation Building : _b Burma's Search for Identity / _cLucian W. Pye |
||
| 260 |
_aLondon: _bYale University Press, _c1964 |
||
| 300 |
_a307 p;, _c22 cm |
||
| 650 |
_aPolitics and Government _zBurma |
||
| 942 |
_2ddc _cBK |
||